00410 a2200097 4500001001000000005001700010008004100027245010300068100002700171773011400198ART_4162620260410162023.0260409a 10aLas nuevas reglas sobre propiedad intelectual y sus consecuencias para el comercio de tecnología1 aCorrea, Carlos María0 tRevista del derecho industrialgTransferencia de tecnología - Año XIII, Nº 37 (ene./abr. 1991)wREV41547